Statistiques concernant Tableau des éléments #1 : Hydrogène (DF)

Cliquez ici pour prendre le quiz!

Statistiques générales

  • Ce quiz a été pris 8 fois
  • Le résultat moyen est 3 sur 9

Statistiques - réponses

InformationRéponse% Correct
Groupe1
100%
Période1
100%
DésignationHydrogène / Hydrogènium
57%
ClassificationNon métaux
29%
Masse atomique relative1,00794
14%
Année de découverte1766
14%
DécouvreurHenry Cavendish
14%
Pour plus d'inormation, cliquez sur le même quiz, mais en DD (pour la réponse, c'est un X)X
14%
Pays de découverteAngleterre
0%

Distribution des résultats

Percentile par nombre de réponses

% des personnes avec chaque résultat

Votre développement - résultats

Vous n’avez pas pris ce quiz